Detalles MARC
| 000 -LIDER |
| fixed length control field |
01519nam a22003377a 4500 |
| 003 - IDENTIFICACDOR DE NÚMERO DE CONTROL |
| control field |
DO-SdBNP |
| 005 - DATE AND TIME OF LATEST TRANSACTION |
| control field |
20180312110925.0 |
| 008 - ELEMENTOS DE LONGITUD FIJA |
| fixed length control field |
160427b 2014 dr00| 0 spa d |
| 020 ## - ISBN |
| International Standard Book Number |
9789945118964 (v. 1) |
| 020 ## - ISBN |
| International Standard Book Number |
9789945118933 (v. 1, e. 2) |
| 020 ## - ISBN |
| International Standard Book Number |
9789945118902 (v. 1, e. 3) |
| 040 ## - FUENTE DE CATALOGACIÓN |
| Agencia que crea de manera original el registro |
BPMSU |
| Idioma de catalogación |
spa |
| Agencia que realiza la transcripción |
BPMSU |
| 082 ## - NÚMERO DE CLASIFICACIÓN DECIMAL DE DEWEY |
| Classification number |
372.257 |
| Item number |
S456c 1ro. 2014 |
| 245 ## - MENCIÓN DE TITULO |
| Título |
Ciencias naturales 1 : |
| Subtítulo |
educación primaria / |
| Mención de responsabilidad |
Ángela Segura de Óleo ... [et al.] ; dirección editorial Claudia Llibre |
| 260 ## - PUBLICACIÓN, DISTRIBUCIÓN, ETC. (PIE DE IMPRENTA) |
| Lugar de publicación, distribución, etc |
Santo Domingo : |
| Nombre del editor, distribuidor, etc. |
Santillana, |
| Fecha de publicación, distribución, etc |
2014. |
| 300 ## - DESCRIPCIÓN FÍSICA |
| Extensión |
3 v. : |
| Otros detalles físicos |
il, retrs. ; |
| Dimensiones |
28 cm. |
| 490 1# - MENCIÓN DE SERIES |
| Mención de serie |
Proyecto todos juntos |
| 505 0# - NOTA DE CONTENIDO |
| Texto normalizado de contenido |
Bloque 1. Los seres vivos<br/>Somos seres vivos --<br/>Cómo somos --<br/>Los animales y las plantas --<br/>Los alimentos --<br/>Cuido mi salud --<br/>Bloqie 2. Materia y energia<br/>Los objetos de mi entorno --<br/>La materia cambia --<br/>El movimiento.<br/>Bloque 3. La tierra en el universo<br/>La tierra, nuestro hogar --<br/>El água. |
| 650 #4 - ENCABEZAMIENTO DE MATERIA--TEMÁTICO |
| Término temático o nombre geográfico como elemento de entrada |
CIENCIAS NATURALES |
| Subdivisión temática general |
ENSEÑANZA BÁSICA |
| 650 #4 - ENCABEZAMIENTO DE MATERIA--TEMÁTICO |
| Término temático o nombre geográfico como elemento de entrada |
CIENCIAS NATURALES |
| Subdivisión temática general |
LIBROS DE TEXTOS |
| 650 #4 - ENCABEZAMIENTO DE MATERIA--TEMÁTICO |
| Término temático o nombre geográfico como elemento de entrada |
CIENCIAS NATURALES |
| Subdivisión temática general |
EDUCACIÓN PRIMARIA |
| 650 #4 - ENCABEZAMIENTO DE MATERIA--TEMÁTICO |
| Término temático o nombre geográfico como elemento de entrada |
EDUCACIÓN PRIMARIA |
| Subdivisión geográfica |
REPÚBLICA DOMINICANA |
| 650 #4 - ENCABEZAMIENTO DE MATERIA--TEMÁTICO |
| Término temático o nombre geográfico como elemento de entrada |
CIENCIAS NATURALES |
| Subdivisión temática general |
ESTUDIOS Y EJERCICIOS |
| 700 12 - ASIENTO SECUNDARIO -- NOMBRE PERSONAL |
| Nombre personal |
Segura de Óleo, Ángela. |
| 700 12 - ASIENTO SECUNDARIO -- NOMBRE PERSONAL |
| Nombre personal |
Llibre, Claudia, |
| Mención de responsabilidad |
ed. |
| 830 #0 - ASIENTO SECUNDARIO DE SERIE--TÍTULO UNIFORME |
| Título uniforme |
Proyecto todos juntos |
| 910 ## - VALIDACIÓN |
| Validación |
Validado. Control de calidad MFF |
| 942 ## - ADDED ENTRY ELEMENTS (KOHA) |
| Source of classification or shelving scheme |
Dewey Decimal Classification |
| Koha item type |
Libros |
| 945 ## - INFORMACIÓN DE PROCESAMIENTO LOCAL |
| Información de procesamiento local |
Remanejada para la BNPHU 2018 / BT |
| 956 ## - LOCAL ELECTRONIC LOCATION AND ACCESS (OCLC) |
| Nombre de host |
BTAVAREZ |
| Número de acceso |
10 |
| Trayectoria |
20160603 |
| Nombre Electrónico |
BPMSU |
| Procesador de solicitud |
0038 |